Cervantes : (Record no. 35490)

MARC details
000 -LEADER
campo de control de longitud fija 01072nam a2200229 i 4500
001 - NÚMERO DE CONTROL
campo de control 35490
003 - IDENTIFICADOR DE NÚMERO DE CONTROL
campo de control ES-MaACL
005 - FECHA Y HORA DE LA ÚLTIMA TRANSACCIÓN
campo de control 20250524063045.0
007 - CAMPO FIJO DE DESCRIPCIÓN FÍSICA--INFORMACIÓN GENERAL
campo de control de longitud fija t|
008 - DATOS DE LONGITUD FIJA--INFORMACIÓN GENERAL
campo de control de longitud fija 201007s1870 sp ||||1| spa d
080 ## - NÚMERO DE LA CLASIFICACIÓN DECIMAL UNIVERSAL
Número de la Clasificación Decimal Universal 821.134.2 Delgado, Jacinto María 7 Adiciones a la historia del ingenioso hidalgo Don Quixote de la Mancha.07
100 1# - ENTRADA PRINCIPAL--NOMBRE DE PERSONA
Nombre de persona León Máinez, Ramón,
Fechas asociadas al nombre 1846-1917
9 (RLIN) 71628
245 10 - MENCIÓN DEL TÍTULO
Título Cervantes :
Resto del título artículo crítico : adiciones a la Historia del ingenioso hidalgo Don Quijote de la Mancha, escritas en arábigo por Cide-Hamete Benenjeli y traducidas al castellano por D. Jacinto María Delgado.
260 ## - PUBLICACIÓN, DISTRIBUCIÓN, ETC.
Lugar de publicación, distribución, etc. Cádiz :
Nombre del editor, distribuidor, etc. [s.n.],
Fecha de publicación, distribución, etc. 1870 (
Fabricante Imp. de la Revista Médica)
300 ## - DESCRIPCIÓN FÍSICA
Extensión 1 h. ;
Dimensiones 49 cm.
530 ## - NOTA DISPONIBLE DE FORMULARIO FÍSICO ADICIONAL
Nota de formato físico adicional disponible Disponible en formato digital.
600 14 - PUNTO DE ACCESO ADICIONAL DE MATERIA--NOMBRE DE PERSONA
Nombre de persona Delgado, Jacinto María.
9 (RLIN) 158736
600 14 - PUNTO DE ACCESO ADICIONAL DE MATERIA--NOMBRE DE PERSONA
Nombre de persona Cervantes Saavedra, Miguel de,
Fechas asociadas al nombre 1547-1616.
Título de la obra Don Quijote de la Mancha
9 (RLIN) 37612
852 4# - LOCALIZACIÓN
Ubicación ES-MaACL
Número de control de estantería T-145-F-6
856 4# - LOCALIZACIÓN Y ACCESO ELECTRÓNICOS
Identificador Uniforme de Recursos <a href="http://bdh-rd.bne.es/viewer.vm?id=0000197495&page=1 ">http://bdh-rd.bne.es/viewer.vm?id=0000197495&page=1 </a>
Nota pública Biblioteca Digital Hispánica
Holdings
Estatus retirado Estado de pérdida Estado de daño No para préstamo Colección Biblioteca de origen Biblioteca actual Ubicación en estantería Fecha de adquisición Fuente de adquisición Total de préstamos Signatura topográfica completa Código de barras Visto por última vez Precio de reemplazo Tipo de ítem Koha
        Colección de folletos Biblioteca del Ateneo de Madrid Biblioteca del Ateneo de Madrid Depósito folletos 11/06/2005     T-145-F-6 1202127 23/02/2023 23/02/2023 Folleto